书目信息 |
| 题名: |
天然食用香料生产与应用
|
|
| 作者: | 林进能 编著 | |
| 分册: | ||
| 出版信息: | 北京 中国轻工业出版社 1991.8 |
|
| 页数: | 454页 | |
| 开本: | 26cm | |
| 丛书名: | ||
| 单 册: | ||
| 中图分类: | TQ654 | |
| 科图分类: | ||
| 主题词: | 天然香料 | |
| 电子资源: | ||
| ISBN: | 7-5019-0957-1 | |
| 000 | 00747nam0 2200217 45 | |
| 001 | 0192008995 | |
| 005 | 20051229110305.70 | |
| 010 | @a7-5019-0957-1@b精装@dCNY22.00 | |
| 100 | @a19920330d1991 em y0chiy0121 ea | |
| 101 | 0 | @achi |
| 102 | @aCN@b110000 | |
| 105 | @af z 000yy | |
| 200 | 10 | @a天然食用香料生产与应用@ATIAN RAN SHI YONG XIANG LIAO SHENG CHAN YU YING YONG@f林进能等编著@FLIN JIN NENG DENG BIAN ZHU |
| 210 | @a北京@c中国轻工业出版社@d1991.8 | |
| 215 | @a454页@d26cm | |
| 330 | @a本书介绍了天然食用香料在我国的发展、分布和利用价值,并详述了50种香料植物的学名、别名、商品名与加工精制等。 | |
| 606 | 0 | @a天然香料 |
| 690 | @aTQ654 | |
| 701 | 0 | @a林进能@ALIN JIN NENG@4编著 |
| 801 | 0 | @aCN@bNLC@c20051229 |
| 905 | @f1@b246724@dTQ654@e7 | |
| 天然食用香料生产与应用/林进能等编著.-北京:中国轻工业出版社,1991.8 |
| 454页;26cm |
| ISBN 7-5019-0957-1(精装):CNY22.00 |
| 本书介绍了天然食用香料在我国的发展、分布和利用价值,并详述了50种香料植物的学名、别名、商品名与加工精制等。 |
| ● |
| 相关链接 |
|
|
|
|
正题名:天然食用香料生产与应用
索取号:TQ654/7
 
预约/预借
| 序号 | 登录号 | 条形码 | 馆藏地/架位号 | 状态 | 备注 |
| 1 | 0246724 | 001480016 | 第三借阅区/ [索取号:TQ654/7] | 在馆 | |
| 2 | 0246725 | 202174789 | 密集书库/ [索取号:TQ654/7] | 在馆 | |
| 3 | 0246726 | 001480089 | 第二样本阅览室/ [索取号:TQ654/7] | 在馆 |